Bahasa laporan

Bibliographic Details
Main Author: Asmah Haji Omar
Format: Book
Published: Kuala Lumpur : Dewan Bahasa dan Pustaka , 1987
Subjects:

MARC

LEADER 00000cam a2200000 7i4500
001 0000061498
005 20160316.0
008 160316
090 0 0 |a 499.8   |b ASM 
100 0 |a Asmah Haji Omar 
245 1 0 |a Bahasa laporan   |c Asmah Haji Omar 
260 |a Kuala Lumpur :   |b Dewan Bahasa dan Pustaka ,   |c 1987 
300 |a 78p. 
500 |a Includes bibliography 
650 0 |a Standard Bahasa Malaysia 
999 |a 0000079422   |b Book   |c Adult Collection   |e Cawangan Muar